Globalization in the Asian region : (Record no. 6075)

MARC details
000 -LEADER
fixed length control field 02046cam a2200253 4500
001 - CONTROL NUMBER
control field 7149
005 - DATE AND TIME OF LATEST TRANSACTION
control field 20181127183017.0
008 - FIXED-LENGTH DATA ELEMENTS--GENERAL INFORMATION
fixed length control field 040311s2004 enka b 001 0 eng
010 ## - LIBRARY OF CONGRESS CONTROL NUMBER
LC control number 2004042677
020 ## - INTERNATIONAL STANDARD BOOK NUMBER
International Standard Book Number 1843766272
082 00 - DEWEY DECIMAL CLASSIFICATION NUMBER
Classification number 337.5
Edition number 22
100 ## - MAIN ENTRY--PERSONAL NAME
Personal name Davies, Gloria
Numeration
Titles and words associated with a name
Dates associated with a name
Relator term editor
Fuller form of name
245 00 - TITLE STATEMENT
Title Globalization in the Asian region :
Remainder of title impacts and consequences /
Statement of responsibility, etc. edited by Gloria Davies and Chris Nyland.
260 ## - PUBLICATION, DISTRIBUTION, ETC.
Place of publication, distribution, etc. Cheltenham, UK ;
-- Northampton, MA :
Name of publisher, distributor, etc. E. Elgar,
Date of publication, distribution, etc. c2004.
300 ## - PHYSICAL DESCRIPTION
Extent xiii, 236 p. :
Other physical details ill. ;
Dimensions 25 cm.
504 ## - BIBLIOGRAPHY, ETC. NOTE
Bibliography, etc. note Includes bibliographical references and index.
505 ## - FORMATTED CONTENTS NOTE
Formatted contents note Contents: Preface Views of Globalization, Empire and Asia: An Introduction 1. `Globalization' After 9/11 and the Iraq War: Implications for Asia and the Pacific 2. Terrorism as a Global Phenomenon: The Southeast Asian Experience 3. Globalization and Poverty 4. The Impact of Globalization on Malaysia 5. (Case Study 1) Globalization and the Indonesian Economy: Unrealized Potential 6. Globalization and Hindutva: India's Experience with Global Economic and Political Integration 7. Australian Roadmaps to Globalism: Explaining the Shift from Multilateralism to Imperial Preference 8. Globalization: A New Zealand Perspective 9. Globalization and Japan after the Bubble 10. Globalization, Late Industrialization and China's Accession to the WTO: A Critical Perspective on Close Integration 11. (Case Study 2) A Glimpse of FDI in China and Related Issues 12. (Case Study 3) The Movement of People: Interflows between Hong Kong and Mainland China Index
Miscellaneous information
Statement of responsibility
Title
520 ## - SUMMARY, ETC.
Summary, etc. Bringing together contributors from both the university sector and business-centered research institutions, this comprehensive volume offers diverse perspectives on the impacts and consequences of globalization in different parts of the Asian region.
650 #0 - SUBJECT ADDED ENTRY--TOPICAL TERM
Topical term or geographic name entry element Globalization.
651 #0 - SUBJECT ADDED ENTRY--GEOGRAPHIC NAME
Geographic name Asia
General subdivision Economic conditions
Chronological subdivision 1945-
700 1# - ADDED ENTRY--PERSONAL NAME
Personal name Davies, Gloria
Fuller form of name (Gloria L.)
Personal name Nyland, Chris.
Holdings
Withdrawn status Lost status Source of classification or shelving scheme Damaged status Not for loan Collection code Home library Current library Shelving location Serial Enumeration / chronology Inventory number Total Checkouts Full call number Barcode Date last seen Date last checked out Price effective from Koha item type
    Dewey Decimal Classification     Main TEST RTC Library RTC Library Main opac 10998 1 337.5 DAV 30010964 13/03/2019 12/03/2019 27/11/2018 Main
Royal Thimphu College || All Right Reserved